[Event "Cappelle op 29th"]
[Site "Cappelle la Grande"]
[Date "2013.02.25"]
[Round "3"]
[White "Przymusinski, Nicolas"]
[Black "Leharanger, Guillaume"]
[Result "1/2-1/2"]
[WhiteElo "2150"]
[BlackElo "1911"]
[PlyCount "50"]
[EventDate "2013.02.23"]
[EventType "swiss"]
[EventRounds "9"]
[EventCountry "FRA"]
[SourceTitle "CBM 153 Extra"]
[Source "ChessBase"]
[SourceDate "2013.04.22"]
[SourceVersion "1"]
[SourceVersionDate "2013.04.22"]
[SourceQuality "1"]

1. Nf3 g6 2. c4 Bg7 3. g3 e5 4. Nc3 f5 5. d4 e4 6. Bg5 Nf6 7. Nh4 c6 8. f3 d5 9. cxd5 cxd5 10. Qb3 Nc6 11. Rd1 Ne7 12. Ng2 Be6 13. Bxf6 Bxf6 14. fxe4 fxe4 15. Nf4 Bf7 16. Bh3 Qb6 17. Qxb6 axb6 18. Ne6 Bxe6 19. Bxe6 Rd8 20. Rf1 Rf8 21. Nb5 Nc6 22. Bxd5 Nxd4 23. Rxf6 Nc2+ 24. Kd2 Rxd5+ 25. Kxc2 Rc5+ 1/2-1/2

[Event "FRA-ch U18"]
[Site "Nimes"]
[Date "2012.04.14"]
[Round "1"]
[White "Sochacki, Christophe"]
[Black "Leharanger, Guillaume"]
[Result "1-0"]
[WhiteElo "2407"]
[BlackElo "1834"]
[PlyCount "65"]
[EventDate "2012.04.14"]
[EventType "swiss"]
[EventRounds "9"]
[EventCountry "FRA"]
[SourceTitle "CBM 148 Extra"]
[Source "ChessBase"]
[SourceDate "2012.06.22"]
[SourceVersion "1"]
[SourceVersionDate "2012.06.22"]
[SourceQuality "1"]

1. e4 d5 2. exd5 Nf6 3. d4 Nxd5 4. Nf3 g6 5. Be2 Bg7 6. h3 0-0 7. 0-0 Nc6 8. c4 Nb6 9. Be3 e5 10. d5 Ne7 11. Nc3 Re8 12. Qb3 Nf5 13. c5 Nd7 14. c6 Nb6 15. Rad1 Nd6 16. Bb5 Rf8 17. a4 bxc6 18. Bxc6 Bb7 19. Rfe1 Nbc4 20. Nb5 a6 21. Bxb7 Na5 22. Qc2 Naxb7 23. Nxc7 Rc8 24. Bb6 Ne8 25. Nxe8 Rxc2 26. Bxd8 Rxe8 27. Bb6 Rxb2 28. Bc7 e4 29. d6 f5 30. d7 Rf8 31. Ng5 Bh6 32. Ne6 Rf6 33. Nc5 1-0

[Event "FRA-ch U16"]
[Site "Montlucon"]
[Date "2011.04.22"]
[Round "7"]
[White "Salles, Louis"]
[Black "Leharanger, Guillaume"]
[Result "1-0"]
[WhiteElo "2008"]
[BlackElo "1744"]
[PlyCount "63"]
[EventDate "2011.04.17"]
[EventType "swiss"]
[EventRounds "9"]
[EventCountry "FRA"]
[SourceTitle "CBM 142 Extra"]
[Source "ChessBase"]
[SourceDate "2011.06.27"]
[SourceVersion "1"]
[SourceVersionDate "2011.06.27"]
[SourceQuality "1"]

1. e4 d5 2. exd5 Nf6 3. Nf3 Nxd5 4. d4 g6 5. c4 Nb6 6. h3 Bg7 7. Nc3 Nc6 8. Be3 0-0 9. Qd2 e5 10. d5 Ne7 11. 0-0-0 Nf5 12. g4 Nxe3 13. fxe3 Qf6 14. Qg2 Nd7 15. Bd3 Qb6 16. Rhe1 Nc5 17. Bc2 a5 18. Nd2 a4 19. Nde4 Nxe4 20. Nxe4 f5 21. gxf5 gxf5 22. c5 Qb4 23. Rg1 Rf7 24. a3 Qb5 25. Rdf1 Ra6 26. d6 cxd6 27. Nxd6 Rxd6 28. cxd6 e4 29. Qg5 Qxb2+ 30. Kd1 Qxa3 31. Qd8+ Rf8 32. Rxg7+ 1-0

[Event "FRA-ch U16"]
[Site "Montlucon"]
[Date "2011.04.21"]
[Round "6"]
[White "Leharanger, Guillaume"]
[Black "Martin, Axel"]
[Result "1-0"]
[WhiteElo "1744"]
[BlackElo "2035"]
[PlyCount "85"]
[EventDate "2011.04.17"]
[EventType "swiss"]
[EventRounds "9"]
[EventCountry "FRA"]
[SourceTitle "CBM 142 Extra"]
[Source "ChessBase"]
[SourceDate "2011.06.27"]
[SourceVersion "1"]
[SourceVersionDate "2011.06.27"]
[SourceQuality "1"]

1. e4 e5 2. Nf3 Nf6 3. Nxe5 d6 4. Nf3 Nxe4 5. d4 d5 6. Bd3 Nc6 7. 0-0 Be7 8. Re1 Nf6 9. Bg5 0-0 10. c3 Bg4 11. Nbd2 h6 12. Bh4 Nd7 13. Bg3 Nb6 14. Qc2 Bd6 15. Ne5 Bxe5 16. Bxe5 Nxe5 17. Rxe5 Re8 18. Rae1 Rxe5 19. Rxe5 Nd7 20. Re3 Nf6 21. h3 Bd7 22. Nf3 Qf8 23. Qe2 Re8 24. Ne5 Qd6 25. f4 c5 26. Nxd7 Qxd7 27. Rxe8+ Qxe8 28. Qxe8+ Nxe8 29. dxc5 Nc7 30. f5 Kf8 31. Kf2 Ke7 32. Ke3 Kd7 33. Kd4 a5 34. b4 Kc6 35. a4 axb4 36. cxb4 b6 37. cxb6 Kxb6 38. a5+ Kc6 39. b5+ Nxb5+ 40. Bxb5+ Kxb5 41. Kxd5 Kxa5 42. Kd6 g6 43. f6 1-0